00949nam a2200289 i 450000100060000000300090000600500170001500800390003201500170007103500210008804000280010904100130013704600090015008000080015965000240016710000380019124500710022924600440030026000820034430000340042638000170046038800140047738800140049150400140050570000420051985600980056126022KOSZ 00520191022085049.0060315s1974 pl a f |000 0 pol aPB 1974/4033 a(OCoLC)836253975 aWA NcWA NdKOSZ 005/EC1 apolheng k1974 a517 4aLogika matematyczna1 aQuine, W. V.d(1908-2000)eAutor.10aLogika matematyczna /cWillard Van Orman Quine ; przeł. Leon Koj.1 iTyt. oryg.:aMathematical logic,f1951. aWarszawa :bPaństwowe Wydaw. Naukowe,c1974 :f(Druk. im. Rewol. Paźdz.). a330, [2] s. :berr. ;c25 cm. aKsiążki. a1901-2000 a1945-1989 aBibliogr.1 aKoj, Leond(1929-2006).eTłumaczenie uhttp://koha.tu.koszalin.pl/cgi-bin/koha/opac-detail.pl?biblionumber=26022yKatalog online BPK